000 00234nam a22000857a 4500
008 160916b xxu||||| |||| 00| 0 eng d
100 _9549
_aJaisingh.S.etal
245 _aEnvironment Education-8
260 _aNew Delhi
_bAPC. Publications
_c2009
999 _c3206
_d3206